Normal view
MARC view
- ذكريات الوطن والغربة-السيرة الذاتية-التراجم
Entry Topical Term
001 - CONTROL NUMBER
- control field: 24546
003 - CONTROL NUMBER IDENTIFIER
- control field: JO-AjAnu
005 - DATE AND TIME OF LATEST TRANSACTION
- control field: 20230606074215.0
008 - FIXED-LENGTH DATA ELEMENTS
- fixed length control field: 230606|| aca||aabn | a|a d
040 ## - CATALOGING SOURCE
- Original cataloging agency: JO-AjAnu
- Transcribing agency: JO-AjAnu
150 ## - HEADING--TOPICAL TERM
- Topical term or geographic name entry element: ذكريات الوطن والغربة-السيرة الذاتية-التراجم
670 ## - SOURCE DATA FOUND
- Source citation: Work cat.: (JO-AjAnu)12624: تاليف جرار،حسني أدهم, author 24545, ذكريات الوطن والغربة